00814 a2200193 4500003000500000005001700005010001600022020001500038040000900053082001500062100002400077245012200101260004400223300003400267505026300301650001400564650002100578700002100599NUST20221121181330.0 a 75017864 a0716704625 cNust a515.63,MAR1 aMarsden, Jerrold E.10aVector calculus /cJerrold E. Marsden and Anthony J. Tromba, with the assistance of Joanne Seitz and Michael Hoffman. aSan Francisco :bW. H. Freeman,cc1976. axiv, 449 p. :bill. ;c24 cm. aThe Geometry of Euclidean Space (Page-1), Differentiation (Page-51), Vector-Valued Functions (Page-138), Higher-Order Derivatives Maxima and Minima (Page-171), Integration (Page-202), Integrals Over Paths and Surfaces (Page-281), Vector Analysis (Page-344).  0aCalculus. 0aVector analysis.1 aTromba, Anthony,